Caricamento...
Ecology and management of grazing systems
| Altri autori: | |
|---|---|
| Natura: | Printed Book |
| Lingua: | Undetermined |
| Pubblicazione: |
United kingdom
CABI
1996
|
| Soggetti: |
| LEADER | 00570nam a2200181Ia 4500 | ||
|---|---|---|---|
| 008 | 140316s9999 xx 000 0 und d | ||
| 020 | |a 0851991076 | ||
| 082 | |a 636.0845 |b HOD/EC | ||
| 100 | |||
| 245 | |a Ecology and management of grazing systems | ||
| 260 | |a United kingdom |b CABI |c 1996 | ||
| 300 | |a 466 | ||
| 650 | |a Animal husbandry | ||
| 650 | |a feeding | ||
| 700 | |a Hodgson, J et al. | ||
| 942 | |2 ddc |c BK | ||
| 999 | |c 933 |d 933 | ||
| 952 | |0 0 |1 0 |2 ddc |4 0 |6 636_084500000000000_HODEC |7 0 |9 1097 |a KAUCLV |b KAUCLV |c GENERAL |d 2014-03-18 |o 636.0845 HOD/EC |p 202212 |r 2014-03-18 |w 2014-03-18 |y BK | ||